Chemistry, Biological, and Pharmacological Properties of African Medicinal Plants (Record no. 5005)
[ view plain ]
| 000 -LEADER | |
|---|---|
| fixed length control field | 00848nam a2200265 a 4500 |
| 001 - CONTROL NUMBER | |
| control field | 4977832 |
| 003 - CONTROL NUMBER IDENTIFIER | |
| control field | OSt |
| 005 - DATE AND TIME OF LATEST TRANSACTION | |
| control field | 20180322141747.0 |
| 008 - FIXED-LENGTH DATA ELEMENTS--GENERAL INFORMATION | |
| fixed length control field | 970911s1996 rh a b 101 0 eng |
| 010 ## - LIBRARY OF CONGRESS CONTROL NUMBER | |
| LC control number | 97981182 |
| 020 ## - INTERNATIONAL STANDARD BOOK NUMBER | |
| International Standard Book Number | 0908307594 |
| 040 ## - CATALOGING SOURCE | |
| Original cataloging agency | DLC |
| Transcribing agency | DLC |
| 042 ## - AUTHENTICATION CODE | |
| Authentication code | lcode |
| 043 ## - GEOGRAPHIC AREA CODE | |
| Geographic area code | fb----- |
| 082 ## - DEWEY DECIMAL CLASSIFICATION NUMBER | |
| Classification number | WB 925 |
| Item number | C42 1996 |
| 100 ## - MAIN ENTRY--PERSONAL NAME | |
| Personal name | Edited by K. Hostettmann [et..al] |
| 9 (RLIN) | 12567 |
| 111 2# - MAIN ENTRY--MEETING NAME | |
| Meeting name or jurisdiction name as entry element | International IOCD--Symposium |
| Date of meeting | 1996 : |
| 9 (RLIN) | 10714 |
| 245 10 - TITLE STATEMENT | |
| Title | Chemistry, Biological, and Pharmacological Properties of African Medicinal Plants |
| 260 ## - PUBLICATION, DISTRIBUTION, ETC. (IMPRINT) | |
| Place of publication, distribution, etc. | [Harare] : |
| Name of publisher, distributor, etc. | University of Zimbabwe Publications, |
| Date of publication, distribution, etc. | 1996. |
| 300 ## - PHYSICAL DESCRIPTION | |
| Extent | 336 p. : |
| Other physical details | ill. ; |
| Dimensions | 24 cm. |
| 504 ## - BIBLIOGRAPHY, ETC. NOTE | |
| Bibliography, etc | Includes bibliographical references and index. |
| 650 #0 - SUBJECT ADDED ENTRY--TOPICAL TERM | |
| Topical term or geographic name as entry element | Medicinal plants |
| 9 (RLIN) | 10715 |
| 906 ## - LOCAL DATA ELEMENT F, LDF (RLIN) | |
| a | 7 |
| b | cbc |
| c | origode |
| d | 3 |
| e | ncip |
| f | 19 |
| g | y-gencatlg |
| 942 ## - ADDED ENTRY ELEMENTS (KOHA) | |
| Source of classification or shelving scheme | Other/Generic Classification Scheme |
| Koha item type | Open Shelf |
| Withdrawn status | Lost status | Source of classification or shelving scheme | Damaged status | Not for loan | Home library | Current library | Date acquired | Source of acquisition | Inventory number | Total Checkouts | Full call number | Barcode | Date last seen | Koha item type |
|---|---|---|---|---|---|---|---|---|---|---|---|---|---|---|
| Other/Generic Classification Scheme | MUST Main Library | MUST Main Library | 16/08/2016 | 00/14440 | QV744 C42 1996 | 2016-3660 | 16/08/2016 | Open Shelf | ||||||
| Other/Generic Classification Scheme | MUST Main Library | MUST Main Library | 16/08/2016 | 00/14439 | QV744 C42 1996 | 2016-3661 | 16/08/2016 | Open Shelf |
